A városi tisztviselők fizetésredukciójával a költségvetési vita végén foglalkozik a közgyűlés a polgármester hétfőig felfüggesztette a részletes vitát
Elmentve itt :
| Dokumentumtípus: | Cikk |
|---|---|
| Megjelent: |
1931-10-03
|
| Sorozat: | Délmagyarország
7 No. 224 |
| Kulcsszavak: | Költségvetés Szeged 1931 |
| Online Access: | http://dmarchiv.bibl.u-szeged.hu/59971 |
| LEADER | 00555nab a2200145 i 4500 | ||
|---|---|---|---|
| 001 | delm59971 | ||
| 005 | 20180927144558.0 | ||
| 008 | 180927s1931 hu o 0|| hun d | ||
| 040 | |a SZTE Délmagyarország Archívum |b hun | ||
| 041 | |a hun | ||
| 245 | 0 | 2 | |a A városi tisztviselők fizetésredukciójával a költségvetési vita végén foglalkozik a közgyűlés |h [elektronikus dokumentum] : |b a polgármester hétfőig felfüggesztette a részletes vitát |
| 260 | |c 1931-10-03 | ||
| 300 | |a 3 | ||
| 490 | 0 | |a Délmagyarország |v 7 No. 224 | |
| 695 | |a Költségvetés Szeged 1931 | ||